000 00958cab a22002055a 4500
001 E154060
008 111010e20111008xxk 000 0 eng u
035 _a(Sirsi) u154060
041 0 _aeng
110 2 _aBank of Scotland
_95792
245 0 0 _aScotland's youngest house buyers are in Midlothian
_h[electronic resource]
260 _c2011
490 _aBank of Scotland Press Release
_v8 October 2011
520 _aThe average age of first time buyers in Scotland is lowest in Midlothian, at 27, although there is relatively little difference across the country, with the average Scottish first time buyer being 28 years old.
590 _aKA
651 4 _aScotland
_y1999-
690 _aPROPERTY-RESIDENTIAL PROPERTY-DOMESTIC RESIDENTIAL PROPERTY-HOUSING
856 4 0 _uhttps://www.lloydsbankinggroup.com/media/pdfs/bos/2011/081011youngest_house_buyers_Midlothian.pdf
_zView the news release free of charge at www.lloydsbankinggroup.com...
942 _n0
999 _c83472
_d83472